Score 0/20 Timer 20:00
0 Plays Today
Question Answer Wrong Answers
¿Como se llama un sistema de gobierno donde las personas intercambian lealtad y trabajo por la protección de un señor? B) feudalismo
90%
A) protección
0%
C) los siervos
0%
D) Monarquía
10%
Las concesiones de tierras que los reyes daban a los señores se llamaban _______. c) feudos
90%
a) mansiones
10%
b) pueblos
0%
La mayoría de los señores vivían en _____________. c) mansiones o castillos
90%
a) villas
0%
b) apartamentos
0%
d) casas pequeñas
10%
En la parte más baja del sistema social en la Europa medieval estaban los __________. d) campesinos
90%
a) reyes
0%
b) señores
10%
c) caballeros
0%
Otra palabra para reyes y reinas es ____________. B) Monarca
90%
A) Obispo
0%
C) Clero
10%
D) Campesinos
0%
Los campesinos que no podían abandonar la tierra del señor se llamaban ______________. B) siervos
90%
A) esclavos.
10%
C) caballeros
0%
D) niños
0%
En los siglos IX y X Europa Occidental fue amenazado por tres grupos principales; los musulmanes, los magiares y los ____________. C) Vikingos
90%
A) Aztecas
10%
B) Romanos
0%
D) Sajones
0%
¿Qué evento marca el comienzo del Período Medieval? B) La caída del Imperio Romano
80%
A) La coronación de Constantino
10%
C) El descubrimiento de América por Colón
10%
D) El asesinato de Julio César
0%
La creencia de que Dios otorgaba a los monarcas el derecho de gobernar también se llama derecho _________ de los reyes. B) Divino
80%
A) Judicial
10%
C) Santo
10%
D) Democracia
0%
¿Qué promete el señor hacer por el rey cuando le dan feudos? b) una promesa de dar al rey caballeros para la guerra.
80%
a) nada
20%
c) una promesa de criar a los hijos del rey.
0%
Carlomagno pudo establecer el control de su imperio con la ayuda de el ___________ Leo III, el líder de la Iglesia Católica. A) Papa
80%
B) Sacerdote
10%
C) rabino
10%
D) Imam
0%
Otro término para el período medieval es la __________. C) Edad Media
70%
A) Antigüedad
10%
B) Prehistoria
0%
D) Renacimiento
20%
_______________ eran similares a los campesinos pero no se les permitía abandonar la tierra del señor. C) Siervos
70%
A) Obispos
0%
B) Caballeros
10%
D) Monarcas
20%
_____________________ fue un líder importante que unificó casi todas las tierras cristianas de Europa. C) Carlomagno
70%
A) Clodoveo
30%
B) Odín
0%
D) El presidente
0%
Antes de convertirte en caballero, necesitas convertirte en un paje y un _________. B) escudero.
70%
A) señor.
10%
C) rey.
0%
D) guerrero
20%
La mayoría de los campesinos vivían en ___________. C) Pequeñas casas simples
70%
A) Mansiones
10%
B) Castillos
10%
D) El bosque
10%
¿Qué función cumplían las mansiones y los castillos? D) Todo lo anterior
60%
A) Centros de la comunidad
10%
B) Casas
20%
C) lugares de protección
10%
Bajo el sistema feudal, las personas intercambiaron _______________ y ​​trabajo por protección. C) Lealtad
60%
A) Dinero
10%
B) Bienes
30%
D) Guerreros
0%
Además de trabajar la tierra de los señores, los campesinos y los siervos también pueden deber ____________ a los señores. A) Impuestos
60%
B) Cultivos
40%
C) Caballeros
0%
Que se consideraba la forma más alta de la tecnología militar? C) Castillos.
50%
A) Ballestas.
40%
B) Armadura.
10%
D) Caballos
0%
Remove Ads.
Support Sporcle.
Get the best of Sporcle when you Go Orange. This ad-free experience offers more features, more stats, and more fun while also helping to support Sporcle. Thank you for becoming a member.

You're not logged in!

Compare scores with friends on all Sporcle quizzes.
OR
Log In

Show Comments

Extras

Created Oct 3, 2019ReportNominate
Tags:Que

Top Quizzes Today


Score Distribution

Your Account Isn't Verified!

In order to create a playlist on Sporcle, you need to verify the email address you used during registration. Go to your Sporcle Settings to finish the process.

Report this User

Report this user for behavior that violates our Community Guidelines.

Details: